मेरी प्रिय नैतिक कहानियाँ (Record no. 80488)
[ view plain ]
| 000 -LEADER | |
|---|---|
| fixed length control field | 01144nam a22002297a 4500 |
| 005 - DATE AND TIME OF LATEST TRANSACTION | |
| control field | 20131031135638.0 |
| 010 ## - LCCN (DPL NO) | |
| LC control number | B-511118-163 |
| 020 ## - INTERNATIONAL STANDARD BOOK NUMBER | |
| Terms of availability | 150.00 |
| International Standard Book Number | 8175735880 |
| 035 ## - SYSTEM CONTROL NUMBER | |
| System control number | B-511118-163 |
| 037 ## - SOURCE OF ACQUISITION | |
| Source of stock number/acquisition | यू.बी.एच. |
| 082 14 - DEWEY DECIMAL CLASSIFICATION NUMBER | |
| Classification number | क |
| 245 1# - TITLE STATEMENT | |
| Title | मेरी प्रिय नैतिक कहानियाँ |
| Statement of responsibility, etc | श्याम दूआ द्वारा सम्पादित |
| 260 ## - PUBLICATION, DISTRIBUTION, ETC. (IMPRINT) | |
| Place of publication, distribution, etc | नोएडा यू.पी |
| Name of publisher, distributor, etc | टिनी टाँट पब्लिकेशन्स |
| Date of publication, distribution, etc | 2012 |
| 270 ## - ADDRESS | |
| Address | एच- 37, सेक्टर-63 |
| City | नोएडा यू.पी |
| Postal code | 201301 |
| Telephone number | 9310163582, 0120-4570157 |
| 300 ## - PHYSICAL DESCRIPTION | |
| Extent | 144पृ |
| Other physical details | सचित्र |
| Dimensions | 23सेमी (सजिल्द) |
| 650 ## - SUBJECT ADDED ENTRY--TOPICAL TERM | |
| Topical term or geographic name as entry element | बाल कहानियाँ |
| 650 ## - SUBJECT ADDED ENTRY--TOPICAL TERM | |
| Topical term or geographic name as entry element | कहानियाँ |
| 650 ## - SUBJECT ADDED ENTRY--TOPICAL TERM | |
| Topical term or geographic name as entry element | Children Storys |
| 700 ## - ADDED ENTRY--PERSONAL NAME | |
| Personal name | श्याम दुआ |
| 942 ## - ADDED ENTRY ELEMENTS (KOHA) | |
| Institution code [OBSOLETE] | dpl |
| Item type | Children Books |
| Source of classification or shelving scheme | Dewey Decimal Classification |
| Classification part | क |
| Call number suffix | मेरीप्रि |
No items available.
